Al-Ghazali dan konsep al-Nur

Bibliographic Details
Main Author: Azlan Khalili Haji Shamsuddin
Format: Book
Published: Kuala Lumpur : DBP , 1992
Subjects:

MARC

LEADER 00000cam a2200000 7i4500
001 0000005328
002 000005756
005 20000330.0
020 |a 9836223193 
090 0 0 |a 297.2   |b AZL 
100 0 |a Azlan Khalili Haji Shamsuddin   |f Haji 
245 1 0 |a Al-Ghazali dan konsep al-Nur   |c Azlan Khalili Shamsudin 
260 |a Kuala Lumpur :   |b DBP ,   |c 1992 
300 |a 124p. ;   |c 20cm. 
600 0 0 |a Al-Ghazali ,   |c Al-Imam 
650 0 0 |a Islam   |x Doctrines 
999 |a 033529   |b BUKU   |c PINJAMAN   |e PERPUSTAKAAN KOMUNITI CAW BANDAR UTAMA